Non Country Flags #4 - Statistics

General Stats
  • This quiz has been taken 1,399 times
  • The average score is 5 of 15
Answer Stats
Picture Answer % Correct
European Union
95%
Arizona
66%
Tokelau
54%
Northern Mariana Islands
49%
Brittany
44%
Sao Paulo
43%
Newfoundland and Labrador
32%
Tokyo
29%
Tasmania
28%
Essex
19%
Kaliningrad
18%
Denver
15%
Lapland
15%
Edinburgh
14%
Buenos Aires
10%
No matching quizzes found
Score Distribution
Percent of People with Each Score
Percentile by Number Answered
Your Score History
You have not taken this quiz